10 Egyptians Plagues - Statistics

General Stats
  • This quiz has been taken 1,104 times
  • The average score is 6 of 10
Answer Stats
Answer % Correct
Blood
85%
Frogs
83%
Locusts
83%
Death of First born
82%
Boils
56%
Darkness
56%
Hail
56%
Flies
51%
Lice
44%
Pestilence
26%
No matching quizzes found
Score Distribution
Percent of People with Each Score
Percentile by Number Answered
Your Score History
You have not taken this quiz